Robert Morris (Record no. 20608)

MARC details
000 -CABECERA
campo de control de longitud fija 00697nam a22002297a 4500
001 - NÚMERO DE CONTROL
campo de control 000000004
003 - IDENTIFICADOR DEL NÚMERO DE CONTROL
campo de control OSt
005 - FECHA Y HORA DE LA ÚLTIMA TRANSACCIÓN
campo de control 20260601171014.0
008 - DATOS DE LONGITUD FIJA--INFORMACIÓN GENERAL
campo de control de longitud fija 260505b1971\\\\ie\a||||\||||\00|\0\eng\d
040 ## - FUENTE DE LA CATALOGACIÓN
Centro catalogador/agencia de origen ICI
Lengua de catalogación spa
Centro/agencia transcriptor ICI
041 ## - CÓDIGO DE LENGUA
Código de lengua del texto/banda sonora o título independiente spa
050 ## - SIGNATURA TOPOGRÁFICA DE LA BIBLIOTECA DEL CONGRESO
Número de clasificación N6537.M67
Número de documento/Ítem A4
100 ## - ENTRADA PRINCIPAL--NOMBRE DE PERSONA
Nombre de persona Compton, Michael
Término indicativo de función/relación autor
9 (RLIN) 33558
245 #1 - MENCIÓN DE TÍTULO
Título Robert Morris
Mención de responsabilidad, etc. Michael Compton y Sylvester
300 ## - DESCRIPCIÓN FÍSICA
Extensión volumen
Otras características físicas Ilustraciones
Dimensiones dimensiones
600 #1 - PUNTO DE ACCESO ADICIONAL DE MATERIA--NOMBRE DE PERSONA
Nombre de persona Morris, Robert
Fechas asociadas al nombre 1931-2018
9 (RLIN) 33559
650 ## - PUNTO DE ACCESO ADICIONAL DE MATERIA--TÉRMINO DE MATERIA
Término de materia o nombre geográfico como elemento de entrada Arte minimalista
Subdivisión geográfica Estados Unidos
9 (RLIN) 33560
650 ## - PUNTO DE ACCESO ADICIONAL DE MATERIA--TÉRMINO DE MATERIA
Término de materia o nombre geográfico como elemento de entrada Escultura
Subdivisión geográfica Estados Unidos
9 (RLIN) 33561
650 ## - PUNTO DE ACCESO ADICIONAL DE MATERIA--TÉRMINO DE MATERIA
Término de materia o nombre geográfico como elemento de entrada Arte conceptual
Subdivisión geográfica Estados Unidos
9 (RLIN) 33562
700 ## - PUNTO DE ACCESO ADICIONAL--NOMBRE DE PERSONA
Nombre de persona Sylvester, David
Término indicativo de función/relación autor
9 (RLIN) 33563
942 ## - ELEMENTOS DE PUNTO DE ACCESO ADICIONAL (KOHA)
Fuente del sistema de clasificación o colocación Library of Congress Classification
Tipo de ítem Koha Libros
Suprimir en OPAC 1

No items available.